<?xml version="1.0" encoding="UTF-8"?><?xml-stylesheet type="text/xsl" href="static/style.xsl"?><OAI-PMH xmlns="http://www.openarchives.org/OAI/2.0/" xmlns:xsi="http://www.w3.org/2001/XMLSchema-instance" xsi:schemaLocation="http://www.openarchives.org/OAI/2.0/ http://www.openarchives.org/OAI/2.0/OAI-PMH.xsd"><responseDate>2026-06-30T02:37:42Z</responseDate><request verb="GetRecord" identifier="oai:riubu.ubu.es:10259/9965" metadataPrefix="marc">https://riubu.ubu.es/oai/request</request><GetRecord><record><header><identifier>oai:riubu.ubu.es:10259/9965</identifier><datestamp>2025-06-12T10:06:52Z</datestamp><setSpec>com_10259_3847</setSpec><setSpec>com_10259_5086</setSpec><setSpec>com_10259_2604</setSpec><setSpec>col_10259_8557</setSpec><setSpec>col_10259_5684</setSpec></header><metadata><record xmlns="http://www.loc.gov/MARC21/slim" xmlns:doc="http://www.lyncode.com/xoai" xmlns:xsi="http://www.w3.org/2001/XMLSchema-instance" xmlns:dcterms="http://purl.org/dc/terms/" xsi:schemaLocation="http://www.loc.gov/MARC21/slim http://www.loc.gov/standards/marcxml/schema/MARC21slim.xsd">
<leader>00925njm 22002777a 4500</leader>
<datafield tag="042" ind1=" " ind2=" ">
<subfield code="a">dc</subfield>
</datafield>
<datafield tag="720" ind1=" " ind2=" ">
<subfield code="a">Gil Arroyo, Beatriz</subfield>
<subfield code="e">author</subfield>
</datafield>
<datafield tag="720" ind1=" " ind2=" ">
<subfield code="a">Velasco Pérez, Núria</subfield>
<subfield code="e">author</subfield>
</datafield>
<datafield tag="720" ind1=" " ind2=" ">
<subfield code="a">Basurto Hornillos, Nuño</subfield>
<subfield code="e">author</subfield>
</datafield>
<datafield tag="720" ind1=" " ind2=" ">
<subfield code="a">Marcos Sanz, Juan</subfield>
<subfield code="e">author</subfield>
</datafield>
<datafield tag="720" ind1=" " ind2=" ">
<subfield code="a">Arroyo Puente, Ángel</subfield>
<subfield code="e">author</subfield>
</datafield>
<datafield tag="720" ind1=" " ind2=" ">
<subfield code="a">Urda Muñoz, Daniel</subfield>
<subfield code="e">author</subfield>
</datafield>
<datafield tag="720" ind1=" " ind2=" ">
<subfield code="a">Herrero Cosío, Álvaro</subfield>
<subfield code="e">author</subfield>
</datafield>
<datafield tag="260" ind1=" " ind2=" ">
<subfield code="c">2025-01-16</subfield>
</datafield>
<datafield tag="520" ind1=" " ind2=" ">
<subfield code="a">The dataset contains images of Batavia and Sarga woven fabrics. It is designed for training AI models for defect detection and quality assessment.</subfield>
</datafield>
<datafield tag="024" ind2=" " ind1="8">
<subfield code="a">Gil Arroyo, B., Velasco Pérez, N., Basurto, N., Marcos Sanz, J., Arroyo, A., Urda Muñoz, D., &amp; Herrero, A. (2025). Original and processed dataset of Batavia and Sarga woven fabric images [Data set]. Universidad de Burgos. https://doi.org/10.71486/D1HR-AP42</subfield>
</datafield>
<datafield tag="024" ind2=" " ind1="8">
<subfield code="a">http://hdl.handle.net/10259/9965</subfield>
</datafield>
<datafield tag="024" ind2=" " ind1="8">
<subfield code="a">10.71486/d1hr-ap42</subfield>
</datafield>
<datafield ind1=" " ind2=" " tag="653">
<subfield code="a">Textile defect detection</subfield>
</datafield>
<datafield ind1=" " ind2=" " tag="653">
<subfield code="a">Fabric quality control Industry 4.0</subfield>
</datafield>
<datafield ind1=" " ind2=" " tag="653">
<subfield code="a">Deep Learning in manufacturing</subfield>
</datafield>
<datafield ind1=" " ind2=" " tag="653">
<subfield code="a">Convolutional neural networks</subfield>
</datafield>
<datafield ind1=" " ind2=" " tag="653">
<subfield code="a">Image analysis and classification</subfield>
</datafield>
<datafield tag="245" ind1="0" ind2="0">
<subfield code="a">Original and processed dataset of Batavia and Sarga woven fabric images</subfield>
</datafield>
</record></metadata></record></GetRecord></OAI-PMH>